Disney/Pixar Trivia - Statistics

General Stats
  • This quiz has been taken 165 times
  • The average score is 21 of 34
Answer Stats
Questions Answer % Correct
In Zootopia, what type of animal is Judy Hopps? Rabbit
96%
What is Simba's father called? Mufasa
93%
Which princess disguises herself as a man to save her father? Mulan
93%
Who is Mickey Mouse’s dog? Pluto
93%
In Inside Out, what colour is the character Sadness? Blue
90%
In Brave, what animal does Merida’s mother get transformed into? Bear
83%
Who was the first Disney princess ever created? Snow White
83%
In Mulan, what is the name of the dragon who helps her? Mushu
80%
Who sings “Almost There” in The Princess and the Frog? Tiana
76%
In Moana, what type of animal is Heihei? Chicken
74%
What type of creature is Mushu in Mulan? Dragon
74%
In The Emperor’s New Groove, what animal does Kuzco get turned into? Llama
71%
In Frozen II, who becomes the new queen of Arendelle? Anna
70%
In Tarzan, what kind of animal raises Tarzan as her own child? Ape
70%
In Tangled, who kidnaps Rapunzel as a baby? Mother Gothel
70%
In Finding Nemo, which city does Marlin travel to in order to rescue Nemo? Sydney
66%
In Big Hero 6, what is the name of Hiro’s inflatable robot companion? Baymax
65%
What Disney princess sings “Once Upon a Dream”? Aurora
64%
In The Jungle Book, which character sings “The Bare Necessities”? Baloo
64%
Which villain is known for saying, “Off with their heads!”? Queen of Hearts
64%
What animal does Jafar turn into during the final battle in Aladdin? Cobra
62%
What type of animal is Timon in The Lion King? Meerkat
62%
In The Lion King, who sings “Be Prepared”? Scar
53%
In Oliver & Company, what type of animal is Oliver? Cat
50%
What Disney film introduced the character Jiminy Cricket? Pinocchio
48%
Which princess is the only one to have a tattoo? Pocahontas
42%
In Frozen, what song does Anna sing when she first leaves the castle gates? For the first time in forever
41%
In Aladdin, what’s the name of Jasmine’s pet tiger? Rajah
40%
What is the name of Belle’s father in Beauty and the Beast? Maurice
39%
In Encanto, who sings “Surface Pressure”? Luisa
36%
In Coco, what is the name of Miguel’s dog companion? Dante
30%
Which Disney character says, “The past can hurt. But the way I see it, you can either run from it or learn from it”? Rafiki
23%
What was Disney’s first live-action/animated hybrid film? Enchanted
8%
Who is the villain in The Rescuers Down Under? Madame Medusa
2%
No matching quizzes found
Score Distribution
Percent of People with Each Score
Percentile by Number Answered
Your Score History
You have not taken this quiz